• 首页
  • 本馆介绍
  • 公告通知
  • 最新文献
  • 馆藏检索
  • 电子资源
  • 读者导购
  • 参考咨询
  • 我的图书馆
  • 登录
  • 详细信息显示
  • 放入我的书架
  • 预约/预借图书
  • 作者相关作品
  • 分类相关作品
  • 丛书相关作品
  • 出版社相关作品

书目信息

  • 表格格式
  • 工作单格式
  • 卡片格式
书名: Judgment day at the White House
作者: edited by Gabriel J. Fackre.
分册号:
分册名:
出版地: Grand Rapids, Mich. :
 
出版社: W.B. Eerdmans
出版时间: c1999.
页数: x, 190 p. ;
开本: 23 cm.
丛书名:
中图分类号:
科图分类号:
其他分类号: D971.2
主题词:
电子资源:
000 01548cam a2200349 a 450
001 E0752534330
005 20070505143728.07
008 981215s1999 miu b 000 0deng
010    @a98052478
020    @a0802846718 (alk. paper).
035    @A(DLC) 98052478
040    @aDLC@cDLC@dDLC
043    @an-us---
050 00 @aE886.2@b.J84 1999
082 00 @a973.929@2 21
090    @aD971.2
099    @dD971.2@ex100
245 00 @aJudgment day at the White House :@ba critical declaration exploring moral issues and the political use and abuse of religion / @cedited by Gabriel J. Fackre.
260    @aGrand Rapids, Mich. :@bW.B. Eerdmans,@cc1999.
300    @ax, 190 p. ;@c23 cm.
504    @aIncludes bibliographical references.
600 10 @aClinton, Bill,@d1946-@xEthics.
600 10 @aClinton, Bill,@d1946-@xSexual behavior.
650  0 @aPolitical corruption@zUnited States@xHistory@y20th century.
650  0 @aReligion and politics@zUnited States@xHistory@y20th century.
651  0 @aUnited States@xMoral conditions@y20th century.
651  0 @aUnited States@xPolitics and government@y1993-2001@xMoral and ethical aspects.
700 1  @aFackre, Gabriel J.
906    @a7@bcbc@corignew@d1@eocip@f19@gy-gencatlg
920    @a**LC HAS REQ’D # OF SHELF COPIES**
955    @apc14 to sa00 12-15-98; sh14 12-16-98; sh06 12-17-98 to HLCD for consideration; lk29 (E886.2) 12-30-98; to SL 12-30-98; lh37 12-31-98; CIP ver lj11 to sl 01-27-99 (CONGRESSIONAL LOAN)
991    @bc-GenColl@hE886.2@i.J84 1999@tCopy 1@wBOOKS
    
    Judgment day at the White House : : a critical declaration exploring moral issues and the political use and abuse of religion / / edited by Gabriel J. Fackre.-Grand Rapids, Mich. : : W.B. Eerdmans, , c1999.
    x, 190 p. ; ; 23 cm.
    Includes bibliographical references.
    
    ISBN 0802846718 (alk. paper).
    
●
相关链接 在E读中查询图书 在五车中查询图书 在当当中查询图书 在豆瓣中查询图书


正题名:Judgment day at the White House     索取号:D971.2/x100         预约/预借

序号 登录号 条形码 馆藏地/架位号 状态 备注
1 6809   300068094   第二样本阅览室/ [索取号:D971.2/x100] 在馆    
2 6810   300068101   第四借阅区/ [索取号:D971.2/x100] 在馆    
唐山师范学院图书馆 欢迎您!
大连网信软件有限公司© 版权所有